Quizzes
Events
Quiz Creation
Community
Videos
Private Events
Remove Ads
Sign In
Join for FREE
Feedback
Dark Mode
Quiz Categories
Sports
Geography
Music
Movies
Television
Just For Fun
Miscellaneous
History
Literature
Language
Science
Gaming
Entertainment
Religion
Holiday
For Kids
Quiz Lab
Recent
Popular Today
Quiz Kudos Today
Editor Picks
Curator Picks
Quizzes by...
Day
Popularity
Type
Ratings
Length
Year
Community
Subscriptions
Recent Discussions
Orange Saloon
Badges
Playlists
Quests
Create
Leaderboards
Showdown
Live 5
Trivia Bingo
Activity
Puzzle Library
Sporcle Events
Private Events
Virtual Trivia
Globe League
Become a Host
Pub Owners
SporcleCon
Opinionation
Our Games
Videos
Blog
Mobile Apps
Partnerships
Remove Ads and Go Orange
Feedback
Just For Fun
Clickable
Get the Picture
Humor
Quick Pick
Word Ladder
Missing Word
Mixed Word
Blitz
Minefield
This or That
Alphabet
Color
Typing
Sporcle
Puzzle
Word Play
Follow That Line
Logic
Just For Fun
Clickable
Get the Picture
Humor
Quick Pick
Word Ladder
Missing Word
Mixed Word
Blitz
Minefield
This or That
Alphabet
Color
Typing
Sporcle
Puzzle
Word Play
Follow That Line
Logic
Random Quiz
Search Sporcle
×
Quiz Lab
Quiz Lab
Just For Fun
Youtube
Type in answers that appear in a list
Type in answers that appear in a list
Classic
Best Score? Go Orange.
Million Subscribers - Youtube Stats
Can you name the youtube channels with over one million subscribers?
By
GUN1T123
3m
16 Questions
502 Plays
502 Plays
502 Plays
Comments
Comments
Give Quiz Kudos
Give Quiz Kudos
-
- Ratings
hide this ad
More Info
Replay
Link that replays current quiz
Next Quiz
Link to next quiz in quiz playlist
You Got
0%
They Got
Avg Score
28%
Avg Friend Score
Upgrade to see
Score Distribution
Jump to the score distribution portion of the page
Score
0/16
Timer
03:00
0
Plays Today
# of Subscribers
Channel Name
% Correct
1,897,374
smosh
78.1%
2,773,205
nigahiga
65.1%
2,022,922
Fred
54.6%
2,111,394
RayWilliamJohnson
49%
2,022,268
ShaneDawsonTV
41.8%
1,396,288
machinima
22.1%
1,167,236
kevjumba
21.1%
1,317,142
sxephil
19.3%
# of Subscribers
Channel Name
% Correct
1,281,184
realannoyingorange
18.9%
1,405,731
ShaneDawsonTV2
18.7%
1,441,005
MysteryGuitarMan
16.5%
1,264,419
collegehumor
13.7%
1,032,236
KassemG
12.9%
1,262,478
davedays
10.8%
1,090,706
universalmusicgroup
10.4%
1,109,768
failblog
9.2%
Quiz Playlist
Details
Report
Send in Message
Add To Playlist
More Info:
Stats are correct as of 17th October 2010
Classic:
Type in answers that appear in a list
Quiz Source
Last Updated: Feb 16, 2017
Quiz Scoreboard
CHALLENGE
Sign Up to Join the Scoreboard
Show All
Scores
Hide
Comments
May contain spoilers
Recently Published
Click the 1999 NBA Draft
by nibperrychub
Sports
2m
Alphabetical 'K' Countries by Flag Minefield
by ylime102
Geography
3m
Pick 6: Fruits
by JohnFran
Miscellaneous
15s
More to Explore
Quiz From the Vault
Featured Blog Post
15 Basketball Trivia Facts You Can Be March Mad About
hide this ad
You Might Also Like...
Tags
channel
million
Subscriber
Youtube
Today's Top Quizzes in Just For Fun
Browse Just For Fun
hide this ad
Today's Top Quizzes in Youtube
Browse Youtube
Top Contributed Quizzes in Just For Fun
1
Just Another 1-25 Logic Puzzle
2
Seasons
3
Quick Pick: Spring Things
4
Pick 6: Letters
5
Pick 6: Foods
6
Pick 6: Colors
7
one piece logic puzzle
8
Crossword Whiteout! 41
9
Four Seasons
10
CrossWordLadder XXIII
Explore More
Trending Topics
Harry Potter
Kpop
Crossword
NBA
Marvel
Disney
Anime
Pokémon
WWE
The Office
Soccer
Song
Country
Puzzle
NFL
hide this ad
More By:
GUN1T123
Quiz
Plays
Rating
Category
Featured
Created
Minecraft Block Types
2,833
2.00
Gaming
Jan 20, 2011
Top 5 Premiership Scorers per Club
1,367
3.90
Sports
Oct 17, 2010
Ultimate Sporcle 100
539
3.07
Just For Fun
Oct 18, 2010
Million Subscribers - Youtube
502
3.17
Just For Fun
Oct 17, 2010
One-of-a-Kind Words
172
3.10
Language
Oct 17, 2010
Go to Creator's Profile
Score Distribution
Quiz Creator Spotlight
GUN1T123
Follow
Send a Message
Quizzes Created
-
Created Quiz Play Count
-
More By This Creator
Popular Quizzes Today
1
Find the US States - No Outlines Minefield
2
Countries of Asia Without Outlines Minefield
3
Pick 6: Fruits
4
Alphabetical 'K' Countries by Flag Minefield
5
The Countries of the World
6
Click the 1999 NBA Draft
7
Find the US States
8
Match the Book to the Film X
More Just For Fun Quizzes
Word Ladder: Stefani Germanotta
Published
Trending Quizzes
Pick 6: Harry Potter
Pick 6: Golfers
Pick 6: Movie Franchises
Pick 6: Foods
Pick 6: Landmarks
Recently Updated
Women's Final Four Teams by Year
bhenderson79
Presidents Quartet II
eogle
Anything But Clue(do)
eogle
Anything But Oceanian Capitals
eogle
Anything But 7
eogle
Anything But Thing
eogle
Word Ladder: February 29
pecheneg
Song Title Questions
pecheneg
Women's NCAA Tournament #1 Seeds
pecheneg
Celebrity Mug Shots
pecheneg
Trending Topics
NBA
Crossword
Harry Potter
Anime
Disney
Kpop
Marvel
Song
The Office
Soccer
Puzzle
WWE
Pokémon
NFL
Country
Your Account Isn't Verified!
In order to create a playlist on Sporcle, you need to verify the email address you used during registration. Go to your
Sporcle Settings
to finish the process.
Report this User
Report this user for behavior that violates our
Community Guidelines
.
Details:
Send Report
Go to the Sporcle.com Mobile Site →
Comments